[Event "Brøndbymesterskabet i hurtigskak 2016"]
[Site "?"]
[Date "2016.10.02"]
[Round "7.1"]
[White "Aabling-Thomsen, 2319, IM Jakob"]
[Black "Fries Nielsen, 2390, IM Jens Ove"]
[Result "1-0"]
[BlackElo "2390"]
[WhiteElo "2319"]
[LiveChessVersion "1.4.8"]

1. Nf3 {[%clk 0:29:58]} d5 {[%clk 0:29:43]} 2. g3 {[%clk 0:29:57]} Nf6
{[%clk 0:29:38]} 3. Bg2 {[%clk 0:29:55]} g6 {[%clk 0:29:20]} 4. c4
{[%clk 0:28:42]} c6 {[%clk 0:28:58]} 5. O-O {[%clk 0:27:31]} Bg7 {[%clk 0:28:52]}
6. d3 {[%clk 0:26:14]} O-O {[%clk 0:28:34]} 7. Qc2 {[%clk 0:25:41]} Nbd7
{[%clk 0:27:42]} 8. cxd5 {[%clk 0:25:12]} cxd5 {[%clk 0:27:28]} 9. Bf4
{[%clk 0:25:00]} Ne8 {[%clk 0:27:14]} 10. Nc3 {[%clk 0:24:52]} e5
{[%clk 0:26:29]} 11. Bg5 {[%clk 0:24:20]} f6 {[%clk 0:26:28]} 12. Bd2
{[%clk 0:24:18]} Nb6 {[%clk 0:26:24]} 13. a4 {[%clk 0:23:28]} Be6
{[%clk 0:25:47]} 14. a5 {[%clk 0:23:21]} Nd7 {[%clk 0:24:24]} 15. e4
{[%clk 0:19:58]} dxe4 {[%clk 0:23:17]} 16. dxe4 {[%clk 0:19:50]} Rc8
{[%clk 0:23:08]} 17. Be3 {[%clk 0:19:09]} Nc5 {[%clk 0:22:04]} 18. Rfd1
{[%clk 0:18:56]} Nd6 {[%clk 0:21:12]} 19. Nd2 {[%clk 0:15:20]} Nf7
{[%clk 0:19:43]} 20. Bxc5 {[%clk 0:14:01]} Rxc5 {[%clk 0:19:16]} 21. Nb3
{[%clk 0:13:58]} Bxb3 {[%clk 0:18:22]} 22. Qxb3 {[%clk 0:13:57]} Qc8
{[%clk 0:17:34]} 23. Nb5 {[%clk 0:13:18]} Rc2 {[%clk 0:16:44]} 24. Nc3
{[%clk 0:12:45]} Rxc3 {[%clk 0:15:41]} 25. bxc3 {[%clk 0:12:44]} Kh8
{[%clk 0:15:23]} 26. Rab1 {[%clk 0:12:31]} Nd8 {[%clk 0:15:13]} 27. Qd5
{[%clk 0:11:56]} h5 {[%clk 0:14:44]} 28. Rb5 {[%clk 0:10:47]} Kh7
{[%clk 0:13:51]} 29. Rc5 {[%clk 0:09:41]} Qb8 {[%clk 0:10:40]} 30. Qd6
{[%clk 0:09:28]} Qxd6 {[%clk 0:09:28]} 31. Rxd6 {[%clk 0:09:26]} b6
{[%clk 0:09:20]} 32. Rc7 {[%clk 0:08:50]} bxa5 {[%clk 0:08:13]} 33. Rxa7
{[%clk 0:08:45]} h4 {[%clk 0:07:41]} 34. Bf1 {[%clk 0:07:27]} Kh6
{[%clk 0:06:47]} 35. Bc4 {[%clk 0:07:00]} hxg3 {[%clk 0:06:24]} 36. hxg3
{[%clk 0:06:53]} 1-0

[Event "Brøndbymesterskabet i hurtigskak 2016"]
[Site "?"]
[Date "2016.10.02"]
[Round "7.2"]
[White "Berg Hansen, 2577, GM Sune"]
[Black "Stig Rasmussen, 2528, GM Allan"]
[Result "1/2-1/2"]
[BlackElo "2528"]
[WhiteElo "2577"]
[LiveChessVersion "1.4.8"]

1. c4 {[%clk 0:29:58]} e5 {[%clk 0:29:47]} 2. g3 {[%clk 0:29:52]} Nc6
{[%clk 0:29:44]} 3. Nc3 {[%clk 0:29:46]} Bc5 {[%clk 0:29:18]} 4. a3
{[%clk 0:29:27]} a6 {[%clk 0:28:57]} 5. Bg2 {[%clk 0:29:09]} d6 {[%clk 0:28:49]}
6. d3 {[%clk 0:28:50]} Ba7 {[%clk 0:28:41]} 7. Nf3 {[%clk 0:27:59]} Nge7
{[%clk 0:28:39]} 8. e3 {[%clk 0:27:21]} O-O {[%clk 0:28:12]} 9. b4
{[%clk 0:26:47]} Be6 {[%clk 0:26:48]} 10. Bb2 {[%clk 0:26:16]} Qd7
{[%clk 0:26:10]} 11. h3 {[%clk 0:22:32]} h6 {[%clk 0:25:05]} 12. g4
{[%clk 0:21:42]} Rad8 {[%clk 0:22:32]} 13. g5 {[%clk 0:20:38]} Nf5
{[%clk 0:21:03]} 14. gxh6 {[%clk 0:20:10]} Nxh6 {[%clk 0:20:52]} 15. Ng5
{[%clk 0:19:33]} Bf5 {[%clk 0:20:32]} 16. Be4 {[%clk 0:16:18]} f6
{[%clk 0:11:39]} 17. Bxf5 {[%clk 0:16:07]} Qxf5 {[%clk 0:11:20]} 18. Nf3
{[%clk 0:15:31]} Ne7 {[%clk 0:11:14]} 19. Qe2 {[%clk 0:14:41]} c6
{[%clk 0:11:01]} 20. O-O-O {[%clk 0:13:23]} d5 {[%clk 0:10:39]} 21. Rdg1
{[%clk 0:12:43]} Qh5 {[%clk 0:09:45]} 22. Rg2 {[%clk 0:11:29]} Rf7
{[%clk 0:09:07]} 23. Rhg1 {[%clk 0:11:13]} Nhf5 {[%clk 0:09:00]} 24. Nd2
{[%clk 0:08:52]} Qh6 {[%clk 0:08:58]} 25. Nd1 {[%clk 0:08:21]} c5
{[%clk 0:08:10]} 26. Kb1 {[%clk 0:07:52]} dxc4 {[%clk 0:07:35]} 27. dxc4
{[%clk 0:07:12]} cxb4 {[%clk 0:07:34]} 28. axb4 {[%clk 0:07:09]} Nc6
{[%clk 0:07:07]} 29. b5 {[%clk 0:06:45]} Qh7 {[%clk 0:06:50]} 30. e4
{[%clk 0:05:01]} Nfd4 {[%clk 0:06:42]} 31. Qg4 {[%clk 0:04:25]} Ne7
{[%clk 0:06:14]} 32. Ne3 {[%clk 0:03:36]} axb5 {[%clk 0:05:58]} 33. cxb5
{[%clk 0:03:19]} Nxb5 {[%clk 0:05:50]} 34. Qe2 {[%clk 0:03:03]} Bxe3
{[%clk 0:04:40]} 35. fxe3 {[%clk 0:02:53]} Nd6 {[%clk 0:04:28]} 36. Qd3
{[%clk 0:02:37]} Qxh3 {[%clk 0:04:08]} 37. Qb3 {[%clk 0:02:36]} g5
{[%clk 0:03:35]} 38. Ba3 {[%clk 0:02:27]} Kg7 {[%clk 0:03:08]} 39. Rg3
{[%clk 0:02:02]} Qd7 {[%clk 0:03:04]} 40. Rh1 {[%clk 0:01:59]} Ng6
{[%clk 0:02:31]} 41. Bxd6 {[%clk 0:01:52]} Qxd6 {[%clk 0:02:16]} 42. Rh7+
{[%clk 0:01:51]} Kxh7 {[%clk 0:02:14]} 43. Qxf7+ {[%clk 0:01:49]} Kh6
{[%clk 0:02:12]} 44. Rg2 {[%clk 0:01:26]} Qb6+ {[%clk 0:01:51]} 45. Nb3
{[%clk 0:01:23]} Qc6 {[%clk 0:01:17]} 46. Kb2 {[%clk 0:01:19]} Rd7
{[%clk 0:00:48]} 47. Rh2+ {[%clk 0:01:16]} Nh4 {[%clk 0:00:48]} 48. Qf8+
{[%clk 0:01:14]} Kh7 {[%clk 0:00:42]} 49. Nc5 {[%clk 0:01:09]} Rc7
{[%clk 0:00:38]} 50. Rd2 {[%clk 0:01:00]} Qxc5 {[%clk 0:00:34]} 51. Rd7+
{[%clk 0:00:59]} Rxd7 {[%clk 0:00:27]} 52. Qxc5 {[%clk 0:00:58]} Re7
{[%clk 0:00:27]} 53. Qb5 {[%clk 0:00:57]} Rf7 {[%clk 0:00:26]} 54. Qe8
{[%clk 0:00:56]} Kg7 {[%clk 0:00:25]} 55. Qe6 {[%clk 0:00:56]} Nf3
{[%clk 0:00:24]} 56. Kc3 {[%clk 0:00:55]} Ne1 {[%clk 0:00:23]} 57. Kd3
{[%clk 0:00:53]} Ng2 {[%clk 0:00:22]} 58. Ke2 Nh4 59. Kf2 {[%clk 0:00:52]} Ng6
{[%clk 0:00:20]} 60. Kg3 {[%clk 0:00:51]} Ne7 {[%clk 0:00:20]} 61. Kg4
{[%clk 0:00:50]} Ng8 {[%clk 0:00:19]} 62. Qd5 {[%clk 0:00:49]} Nh6+
{[%clk 0:00:18]} 63. Kg3 {[%clk 0:00:48]} Ng8 {[%clk 0:00:17]} 64. Qe6 Ne7 65.
Qd7 {[%clk 0:00:46]} Ng6 {[%clk 0:00:16]} 66. Qe6 {[%clk 0:00:45]} Ne7
{[%clk 0:00:16]} 67. Qd6 {[%clk 0:00:44]} Ng6 {[%clk 0:00:15]} 68. Qe6
{[%clk 0:00:44]} Ne7 {[%clk 0:00:15]} 69. Qc4 {[%clk 0:00:43]} Ng6
{[%clk 0:00:14]} 70. Qb3 {[%clk 0:00:42]} Ne7 {[%clk 0:00:14]} 71. Qxb7 Ng6 72.
Qd5 Nf8 73. Qd6 {[%clk 0:00:38]} Ng6 {[%clk 0:00:13]} 74. Qe6 {[%clk 0:00:37]}
Ne7 {[%clk 0:00:13]} 1/2-1/2

[Event "Brøndbymesterskabet i hurtigskak 2016"]
[Site "?"]
[Date "2016.10.02"]
[Round "7.3"]
[White "K. Høyer, 2104, Jacob"]
[Black "Djernæs Antonsen, 2447, IM Mikkel"]
[Result "0-1"]
[BlackElo "2447"]
[WhiteElo "2104"]
[LiveChessVersion "1.4.8"]

1. d4 {[%clk 0:29:58]} d5 {[%clk 0:29:59]} 2. c4 {[%clk 0:29:56]} e6
{[%clk 0:29:58]} 3. Nc3 {[%clk 0:29:47]} Nf6 {[%clk 0:29:57]} 4. cxd5
{[%clk 0:29:42]} exd5 {[%clk 0:29:56]} 5. Bg5 {[%clk 0:29:38]} c6
{[%clk 0:29:55]} 6. e3 {[%clk 0:29:20]} Be7 {[%clk 0:29:54]} 7. Bd3
{[%clk 0:29:16]} Nbd7 {[%clk 0:29:52]} 8. Qc2 {[%clk 0:29:01]} Nh5
{[%clk 0:29:50]} 9. Bxe7 {[%clk 0:28:22]} Qxe7 {[%clk 0:29:48]} 10. Nge2
{[%clk 0:27:53]} g6 {[%clk 0:29:43]} 11. g4 {[%clk 0:26:19]} Ng7 {[%clk 0:29:21]}
12. O-O-O {[%clk 0:26:10]} Nb6 {[%clk 0:29:19]} 13. h3 {[%clk 0:25:23]} Bd7
{[%clk 0:29:13]} 14. e4 {[%clk 0:24:09]} dxe4 {[%clk 0:29:09]} 15. Bxe4
{[%clk 0:22:41]} O-O {[%clk 0:27:41]} 16. f4 {[%clk 0:19:32]} Nc4
{[%clk 0:26:57]} 17. Rd3 {[%clk 0:18:31]} b5 {[%clk 0:26:37]} 18. Bf3
{[%clk 0:17:54]} Rae8 {[%clk 0:26:05]} 19. Ne4 {[%clk 0:17:16]} Kh8
{[%clk 0:23:38]} 20. Nc5 {[%clk 0:16:59]} Ne6 {[%clk 0:23:06]} 21. Nxd7
{[%clk 0:14:56]} Qxd7 {[%clk 0:23:05]} 22. h4 {[%clk 0:14:17]} Kg8
{[%clk 0:22:43]} 23. f5 {[%clk 0:13:39]} Nc7 {[%clk 0:22:27]} 24. Nc3
{[%clk 0:12:52]} Nd5 {[%clk 0:21:51]} 25. Ne4 {[%clk 0:12:08]} Rxe4
{[%clk 0:21:00]} 26. Bxe4 {[%clk 0:11:57]} Nb4 {[%clk 0:20:59]} 27. Qc3
{[%clk 0:11:27]} Nxa2+ {[%clk 0:20:56]} 0-1

[Event "Brøndbymesterskabet i hurtigskak 2016"]
[Site "?"]
[Date "2016.10.02"]
[Round "7.4"]
[White "Haubro, 2284, IM Martin"]
[Black "Høi, 2347, GM Carsten"]
[Result "1-0"]
[BlackElo "2347"]
[WhiteElo "2284"]
[LiveChessVersion "1.4.8"]

1. e4 g6 {[%clk 0:29:48]} 2. d4 {[%clk 0:29:57]} Bg7 {[%clk 0:29:47]} 3. Nc3
{[%clk 0:29:56]} d6 {[%clk 0:29:40]} 4. Be3 c6 5. Qd2 {[%clk 0:29:21]} b5
{[%clk 0:29:34]} 6. f3 {[%clk 0:29:13]} Nd7 {[%clk 0:29:23]} 7. h4
{[%clk 0:29:07]} h5 {[%clk 0:29:18]} 8. Nh3 Nb6 {[%clk 0:28:47]} 9. Ng5
{[%clk 0:29:03]} Nh6 {[%clk 0:28:21]} 10. b3 b4 {[%clk 0:28:03]} 11. Ne2
{[%clk 0:28:39]} d5 12. e5 {[%clk 0:26:48]} Nf5 {[%clk 0:26:54]} 13. Bf2
{[%clk 0:26:45]} a5 {[%clk 0:26:27]} 14. Nf4 {[%clk 0:24:02]} Bh6
{[%clk 0:23:56]} 15. Bd3 e6 {[%clk 0:20:10]} 16. O-O-O {[%clk 0:22:12]} a4
{[%clk 0:17:26]} 17. g4 axb3 {[%clk 0:16:58]} 18. cxb3 {[%clk 0:22:06]} Ng7
{[%clk 0:09:57]} 19. Nxf7 {[%clk 0:19:59]} Rxa2 20. Nxd8 {[%clk 0:05:49]} Rxd2
{[%clk 0:09:29]} 21. Kxd2 {[%clk 0:05:48]} Bxf4+ {[%clk 0:09:01]} 22. Be3
{[%clk 0:05:47]} Bxe3+ {[%clk 0:08:03]} 23. Kxe3 {[%clk 0:05:46]} Kxd8
{[%clk 0:07:58]} 24. Bxg6 Nd7 25. Rdg1 {[%clk 0:04:45]} c5 {[%clk 0:06:19]} 26.
Bxh5 {[%clk 0:04:43]} Nxh5 {[%clk 0:04:05]} 27. gxh5 {[%clk 0:04:42]} c4
{[%clk 0:03:47]} 28. Ra1 {[%clk 0:04:16]} cxb3 {[%clk 0:03:23]} 29. Rab1
{[%clk 0:03:52]} Nb8 {[%clk 0:03:12]} 30. Rxb3 {[%clk 0:03:48]} Nc6
{[%clk 0:03:11]} 31. Kf4 {[%clk 0:03:06]} Ba6 {[%clk 0:02:56]} 32. Kg5
{[%clk 0:02:58]} Bc4 {[%clk 0:02:42]} 33. Rb2 {[%clk 0:02:54]} b3
{[%clk 0:02:31]} 34. Ra1 {[%clk 0:02:21]} Kd7 {[%clk 0:01:59]} 35. h6
{[%clk 0:02:14]} Ke7 {[%clk 0:01:27]} 36. Rd2 {[%clk 0:01:47]} Kf7
{[%clk 0:01:17]} 37. Kh5 {[%clk 0:01:43]} Rb8 {[%clk 0:00:44]} 38. Rg2
{[%clk 0:01:33]} Bd3 {[%clk 0:00:31]} 39. Rg7+ {[%clk 0:01:29]} Kf8
{[%clk 0:00:30]} 40. Rag1 {[%clk 0:01:23]} Ne7 {[%clk 0:00:28]} 41. h7
{[%clk 0:01:19]} Ng6 {[%clk 0:00:13]} 42. Rg8+ {[%clk 0:01:11]} 1-0

[Event "Brøndbymesterskabet i hurtigskak 2016"]
[Site "?"]
[Date "2016.10.02"]
[Round "7.5"]
[White "Reinhard Greger, 2308, Roland"]
[Black "Hove Kristensen, 2303, FM Kåre"]
[Result "0-1"]
[BlackElo "2303"]
[WhiteElo "2308"]
[LiveChessVersion "1.4.8"]

1. e4 {[%clk 0:29:58]} c5 {[%clk 0:29:59]} 2. Nf3 {[%clk 0:29:57]} d6
{[%clk 0:29:58]} 3. d4 {[%clk 0:29:57]} cxd4 {[%clk 0:29:56]} 4. Nxd4
{[%clk 0:29:56]} Nf6 {[%clk 0:29:55]} 5. Nc3 {[%clk 0:29:55]} a6 {[%clk 0:29:54]}
6. Be3 {[%clk 0:29:52]} e5 {[%clk 0:29:53]} 7. Nb3 {[%clk 0:29:52]} Be7
{[%clk 0:29:51]} 8. f3 {[%clk 0:29:44]} Be6 {[%clk 0:29:39]} 9. Qd2
{[%clk 0:29:43]} Nbd7 {[%clk 0:28:55]} 10. O-O-O {[%clk 0:29:40]} b5
{[%clk 0:28:52]} 11. g4 {[%clk 0:29:10]} O-O {[%clk 0:28:49]} 12. Rg1
{[%clk 0:27:37]} Qc7 {[%clk 0:27:49]} 13. g5 {[%clk 0:27:11]} Nh5
{[%clk 0:27:45]} 14. Nd5 {[%clk 0:25:12]} Bxd5 {[%clk 0:27:42]} 15. Qxd5
{[%clk 0:24:03]} Rfc8 {[%clk 0:27:16]} 16. Qd2 {[%clk 0:23:43]} Nb6
{[%clk 0:26:55]} 17. Na5 {[%clk 0:23:12]} d5 {[%clk 0:24:32]} 18. Bxb6
{[%clk 0:21:43]} Qxb6 {[%clk 0:24:30]} 19. Bh3 {[%clk 0:21:38]} Rd8
{[%clk 0:24:29]} 20. exd5 {[%clk 0:20:46]} Nf4 {[%clk 0:23:49]} 21. Nc6
{[%clk 0:18:09]} Bc5 {[%clk 0:23:47]} 22. Rge1 {[%clk 0:14:43]} Rxd5
{[%clk 0:23:24]} 0-1

[Event "Brøndbymesterskabet i hurtigskak 2016"]
[Site "?"]
[Date "2016.10.02"]
[Round "7.7"]
[White "Mose Nielsen, 2097, Jan"]
[Black "Fries Nielsen, 2372, FM Niels Jørgen"]
[Result "1/2-1/2"]
[BlackElo "2372"]
[WhiteElo "2097"]
[LiveChessVersion "1.4.8"]

1. d4 {[%clk 0:29:58]} a6 {[%clk 0:28:33]} 2. Nf3 {[%clk 0:29:19]} b5
{[%clk 0:28:29]} 3. Bf4 {[%clk 0:29:16]} Bb7 {[%clk 0:28:26]} 4. Nbd2
{[%clk 0:29:14]} e6 {[%clk 0:28:19]} 5. c3 {[%clk 0:29:12]} Ne7 {[%clk 0:28:10]}
6. e3 {[%clk 0:28:58]} Ng6 {[%clk 0:27:26]} 7. Bg3 {[%clk 0:28:55]} f5
{[%clk 0:27:23]} 8. Bd3 {[%clk 0:28:52]} Be7 {[%clk 0:27:06]} 9. Qe2
{[%clk 0:28:49]} O-O {[%clk 0:27:02]} 10. h4 {[%clk 0:27:51]} d6 {[%clk 0:26:35]}
11. h5 {[%clk 0:27:41]} Nh8 {[%clk 0:26:34]} 12. e4 {[%clk 0:27:39]} f4
{[%clk 0:26:26]} 13. Bh4 {[%clk 0:27:37]} e5 {[%clk 0:26:04]} 14. a4
{[%clk 0:26:49]} c6 {[%clk 0:25:54]} 15. axb5 {[%clk 0:26:36]} axb5
{[%clk 0:25:46]} 16. Rxa8 {[%clk 0:26:34]} Bxa8 {[%clk 0:25:45]} 17. Bc2
{[%clk 0:26:31]} Nf7 {[%clk 0:25:29]} 18. Bxe7 {[%clk 0:26:13]} Qxe7
{[%clk 0:25:28]} 19. dxe5 {[%clk 0:26:11]} dxe5 {[%clk 0:24:48]} 20. Bb3
{[%clk 0:26:03]} Nd7 {[%clk 0:24:35]} 21. Bc2 {[%clk 0:25:14]} Bb7
{[%clk 0:24:27]} 22. b4 {[%clk 0:25:09]} Nf6 {[%clk 0:23:57]} 23. Bb3
{[%clk 0:24:57]} Ne8 {[%clk 0:23:25]} 24. Ba2 {[%clk 0:24:17]} Bc8
{[%clk 0:23:21]} 25. Nb3 {[%clk 0:24:13]} Bg4 {[%clk 0:22:41]} 26. Nc5
{[%clk 0:24:07]} Ned6 {[%clk 0:22:22]} 27. Bb3 {[%clk 0:23:05]} Kh8
{[%clk 0:22:14]} 28. Qa2 {[%clk 0:22:56]} Bxf3 {[%clk 0:18:16]} 29. gxf3
{[%clk 0:22:36]} Qg5 {[%clk 0:17:46]} 30. Kf1 {[%clk 0:22:34]} Nd8
{[%clk 0:17:45]} 31. Qa7 {[%clk 0:22:07]} Nc4 {[%clk 0:17:13]} 32. Bxc4
{[%clk 0:21:46]} bxc4 {[%clk 0:17:11]} 33. Qd7 {[%clk 0:20:45]} Qf6
{[%clk 0:16:51]} 34. Ke2 {[%clk 0:17:42]} Qf7 {[%clk 0:16:01]} 35. Qxf7
{[%clk 0:17:22]} Nxf7 {[%clk 0:15:59]} 36. Rd1 {[%clk 0:16:20]} Ra8
{[%clk 0:15:38]} 37. Nd7 {[%clk 0:15:37]} h6 {[%clk 0:15:22]} 38. Nb6
{[%clk 0:15:12]} Ra3 {[%clk 0:15:14]} 39. Rc1 {[%clk 0:13:50]} Nd6
{[%clk 0:13:49]} 40. Nd7 {[%clk 0:13:09]} Nf7 {[%clk 0:11:20]} 41. Rc2
{[%clk 0:12:18]} Kh7 {[%clk 0:10:56]} 42. Nb8 {[%clk 0:11:45]} Nd8
{[%clk 0:10:40]} 43. Nd7 {[%clk 0:11:43]} Nf7 {[%clk 0:10:39]} 44. Nf8+
{[%clk 0:10:54]} Kg8 {[%clk 0:10:38]} 45. Ng6 {[%clk 0:10:52]} Kh7
{[%clk 0:10:01]} 46. Rc1 {[%clk 0:08:44]} Kg8 {[%clk 0:09:15]} 47. Ne7+
{[%clk 0:08:30]} Kf8 {[%clk 0:09:13]} 48. Nxc6 {[%clk 0:08:29]} Ke8
{[%clk 0:09:05]} 49. Rc2 {[%clk 0:08:08]} Ra1 {[%clk 0:08:54]} 50. Rb2
{[%clk 0:06:33]} Kd7 {[%clk 0:07:46]} 51. Na5 {[%clk 0:06:31]} Nd6
{[%clk 0:07:36]} 52. Rd2 {[%clk 0:06:22]} Ke6 {[%clk 0:07:21]} 53. Rd1
{[%clk 0:05:57]} Ra2+ {[%clk 0:07:12]} 54. Rd2 {[%clk 0:05:56]} Ra1
{[%clk 0:07:11]} 55. Rd1 {[%clk 0:05:44]} Ra2+ {[%clk 0:07:10]} 56. Rd2
{[%clk 0:05:43]} Ra1 {[%clk 0:07:10]} 57. Rd5 Ra2+ 58. Kf1 Rc2 59. Nc6 Nf7
1/2-1/2

[Event "Brøndbymesterskabet i hurtigskak 2016"]
[Site "?"]
[Date "2016.10.02"]
[Round "7.8"]
[White "K. Christensen, 2205, Thomas"]
[Black "Bromann, 2445, IM Thorbjørn"]
[Result "0-1"]
[BlackElo "2445"]
[WhiteElo "2205"]
[LiveChessVersion "1.4.8"]

1. d4 {[%clk 0:29:57]} e6 {[%clk 0:29:59]} 2. c4 {[%clk 0:29:54]} Bb4+
{[%clk 0:29:58]} 3. Bd2 {[%clk 0:29:50]} c5 {[%clk 0:29:56]} 4. Bxb4
{[%clk 0:29:44]} cxb4 {[%clk 0:29:54]} 5. e3 {[%clk 0:29:10]} Nf6
{[%clk 0:29:48]} 6. Nf3 {[%clk 0:29:07]} O-O {[%clk 0:29:43]} 7. Be2
{[%clk 0:28:45]} a5 {[%clk 0:29:31]} 8. O-O {[%clk 0:28:41]} d6 {[%clk 0:29:20]}
9. Nbd2 {[%clk 0:28:33]} b6 {[%clk 0:29:04]} 10. Qc2 {[%clk 0:28:09]} Bb7
{[%clk 0:28:26]} 11. a3 {[%clk 0:27:07]} Na6 {[%clk 0:28:18]} 12. Rac1
{[%clk 0:25:35]} Qe7 {[%clk 0:27:39]} 13. Ng5 {[%clk 0:24:32]} Rac8
{[%clk 0:26:48]} 14. Bf3 {[%clk 0:23:28]} d5 {[%clk 0:26:28]} 15. Qb3
{[%clk 0:23:07]} Rc7 {[%clk 0:23:41]} 16. cxd5 {[%clk 0:22:27]} Nxd5
{[%clk 0:23:24]} 17. Rxc7 {[%clk 0:21:14]} Naxc7 {[%clk 0:23:20]} 18. Nge4
{[%clk 0:21:04]} Ra8 {[%clk 0:19:14]} 19. a4 {[%clk 0:18:54]} b5 {[%clk 0:18:25]}
20. axb5 {[%clk 0:18:14]} Nxb5 {[%clk 0:18:05]} 21. Nc5 {[%clk 0:18:02]} Bc6
{[%clk 0:17:42]} 22. Nc4 {[%clk 0:17:00]} a4 {[%clk 0:15:14]} 23. Nxa4
{[%clk 0:13:39]} Nxd4 {[%clk 0:14:49]} 24. exd4 {[%clk 0:13:37]} Bxa4
{[%clk 0:14:34]} 25. Qd3 {[%clk 0:13:23]} Bb5 {[%clk 0:13:55]} 26. Rc1
{[%clk 0:10:35]} Rd8 {[%clk 0:13:29]} 27. b3 {[%clk 0:08:16]} Nc3
{[%clk 0:12:08]} 28. Qe3 {[%clk 0:07:31]} Qd7 {[%clk 0:10:26]} 29. Ra1
{[%clk 0:06:43]} g6 {[%clk 0:08:59]} 30. d5 {[%clk 0:05:55]} exd5
{[%clk 0:07:05]} 31. Ne5 {[%clk 0:05:32]} Qe6 {[%clk 0:06:25]} 32. Qd4
{[%clk 0:05:23]} Re8 {[%clk 0:05:57]} 33. Re1 {[%clk 0:04:56]} Ne2+
{[%clk 0:04:34]} 34. Rxe2 {[%clk 0:04:19]} Bxe2 {[%clk 0:04:32]} 35. Ng4
{[%clk 0:04:03]} Bxf3 {[%clk 0:02:36]} 36. gxf3 {[%clk 0:03:47]} Rc8
{[%clk 0:01:34]} 37. Nf6+ {[%clk 0:03:19]} Kg7 {[%clk 0:01:22]} 38. Ne8+
{[%clk 0:01:46]} Kf8 {[%clk 0:01:19]} 39. Nf6 {[%clk 0:01:44]} Rc6
{[%clk 0:01:09]} 40. Qxb4+ {[%clk 0:01:27]} Kg7 {[%clk 0:01:07]} 41. Ng4
{[%clk 0:01:22]} h5 {[%clk 0:00:57]} 42. Qd4+ {[%clk 0:01:21]} f6
{[%clk 0:00:55]} 43. Ne3 {[%clk 0:01:20]} Rd6 {[%clk 0:00:45]} 44. Kg2
{[%clk 0:01:19]} Qe5 {[%clk 0:00:44]} 45. Qa7+ {[%clk 0:01:17]} Kh6
{[%clk 0:00:41]} 46. Qc7 {[%clk 0:01:11]} d4 {[%clk 0:00:36]} 47. Nd1
{[%clk 0:01:10]} Rd5 {[%clk 0:00:33]} 48. Qc4 {[%clk 0:01:08]} Qg5+
{[%clk 0:00:30]} 49. Kf1 {[%clk 0:01:06]} Qf5 {[%clk 0:00:26]} 50. Nb2
{[%clk 0:01:02]} Qb1+ {[%clk 0:00:20]} 51. Kg2 {[%clk 0:01:01]} Rg5+
{[%clk 0:00:19]} 52. Kh3 {[%clk 0:00:58]} Qf5+ {[%clk 0:00:16]} 53. Kh4
{[%clk 0:00:54]} Qf4+ {[%clk 0:00:15]} 54. Kh3 {[%clk 0:00:53]} Qxf3+
{[%clk 0:00:14]} 55. Kh4 {[%clk 0:00:51]} Rg4# 0-1